| 000 | 00748cam a2200217 4500 | ||
|---|---|---|---|
| 999 |
_c3924 _d3924 |
||
| 003 | OSt | ||
| 005 | 20220222055110.0 | ||
| 008 | 740620s1975 nyu r 000 0 eng | ||
| 020 | _a0877052298 | ||
| 040 | _cDLC | ||
| 043 | _an-us--- | ||
| 050 | 0 | 0 |
_aHV11 _b.Q4 1975 |
| 110 | 2 |
_aQueens College (New York, N.Y.). _bNew Human Services Institute. |
|
| 245 | 1 | 0 |
_aCollege programs for paraprofessionals; _ba directory of degree-granting programs in the human services. |
| 260 |
_aNew York, _bHuman Sciences Press _c[c1975] |
||
| 300 |
_avi, 135 p. ; _c22 cm. |
||
| 650 | 0 | _aParaprofessionals in social service. | |
| 650 | 0 |
_aSocial work education _zUnited States _xDirectories. |
|
| 906 |
_a7 _bcbc _corignew _d1 _eocip _f19 _gy-gencatlg |
||
| 942 |
_2lcc _cBK |
||